Roma y sus enemigos (Record no. 187165)

MARC details
000 -LEADER
campo de control de longitud fija 01029nam a2200217 i 4500
001 - NÚMERO DE CONTROL
campo de control 187165
003 - IDENTIFICADOR DE NÚMERO DE CONTROL
campo de control SpMaBN
005 - FECHA Y HORA DE LA ÚLTIMA TRANSACCIÓN
campo de control 20230906222830.0
008 - DATOS DE LONGITUD FIJA--INFORMACIÓN GENERAL
campo de control de longitud fija 170426s1860 sp c |||| | spa d
080 ## - NÚMERO DE LA CLASIFICACIÓN DECIMAL UNIVERSAL
Número de la Clasificación Decimal Universal 272-732.2:321
080 ## - NÚMERO DE LA CLASIFICACIÓN DECIMAL UNIVERSAL
Número de la Clasificación Decimal Universal 327(450:456.31)"18"
100 1# - ENTRADA PRINCIPAL--NOMBRE DE PERSONA
Nombre de persona Mora, Atilano de.
9 (RLIN) 162470
245 10 - MENCIÓN DEL TÍTULO
Título Roma y sus enemigos
Resto del título : o sea Historia del poder temporal del Papa : que comprende la fundación y sucesivo acrecentamiento de los Estados de la Iglesia, sus vicisitudes políticas... : y un cuadro comparativo de los cambios de dinastías y de las crisis ocurridas en los gobiernos de Europa... /
Mención de responsabilidad, etc. por D. Atilano de Mora.
246 30 - FORMA VARIANTE DEL TITULO
Título propio/Titulo breve Historia del poder temporal del Papa
260 ## - PUBLICACIÓN, DISTRIBUCIÓN, ETC.
Lugar de publicación, distribución, etc. Barcelona :
Nombre del editor, distribuidor, etc. Lib. Católica Pons y C.ª,
Fecha de publicación, distribución, etc. 1860.
300 ## - DESCRIPCIÓN FÍSICA
Extensión 382 p. :
Otras características físicas 1 retr. ;
Dimensiones 24 cm.
599 ## - NOTA A LAS ILUSTRACIONES
NOTA A LAS ILUSTRACIONES Retr. de Pío IX.
650 #4 - PUNTO DE ACCESO ADICIONAL DE MATERIA--TÉRMINO DE MATERIA
Término de materia o nombre geográfico como elemento de entrada Papas-
Subdivisión general Poder temporal.
9 (RLIN) 153316
650 #4 - PUNTO DE ACCESO ADICIONAL DE MATERIA--TÉRMINO DE MATERIA
Término de materia o nombre geográfico como elemento de entrada Cuestión romana.
9 (RLIN) 149871
852 ## - LOCALIZACIÓN
Ubicación ES-MaACL
Número de control de estantería L-31495
Nota libre - enc. cart.
-- . - Donat. herederos de la bibl. de Mª del Pilar Costa Palacín
Holdings
Estatus retirado Estado de pérdida Estado de daño No para préstamo Colección Biblioteca de origen Biblioteca actual Ubicación en estantería Fecha de adquisición Fuente de adquisición Total de préstamos Signatura topográfica completa Código de barras Visto por última vez Precio de reemplazo Tipo de ítem Koha
        Libros del s. XIX Biblioteca del Ateneo de Madrid Biblioteca del Ateneo de Madrid Depósito 2 26/04/2017     L-31495 1197467 23/02/2023 23/02/2023 Libro impreso antiguo